99 bài toán quang lí và vật lí hạt nhân ôn thi vào Đại học
v.v...
Đã lưu trong:
| Tác giả chính: | |
|---|---|
| Định dạng: | Sách |
| Năm xuất bản: |
Tp. HCM.
NXB Trẻ
1998
|
| Chủ đề: | |
| Tags: |
Thêm thẻ
Không có thẻ, Hãy là người đầu tiên gắn thẻ bản ghi này!
|
| LEADER | 00665nam a2200181 4500 | ||
|---|---|---|---|
| 082 | |a 530.076 |b TR120TR | ||
| 100 | |a Trần Trọng Hưng | ||
| 245 | |a 99 bài toán quang lí và vật lí hạt nhân ôn thi vào Đại học |c Trần Trọng Hưng | ||
| 260 | |a Tp. HCM. |b NXB Trẻ |c 1998 | ||
| 300 | |a 270 tr |c 21 cm | ||
| 520 | |a v.v... | ||
| 653 | |a Vật lý | ||
| 653 | |a Quang lí | ||
| 653 | |a Vật lý hạt nhân | ||
| 653 | |a Bài toán | ||
| 942 | |2 ddc |c SH | ||
| 999 | |c 7562 |d 7562 | ||
| 952 | |0 0 |1 0 |2 ddc |4 0 |6 530_076000000000000_TR120TR |7 0 |8 500 |9 68112 |a qbu |b qbu |c D3 |d 2015-02-20 |g 16000 |o 530.076 TR120TR |p 7011.c1 |r 0000-00-00 |w 2015-02-20 |y SH |0 0 |6 530_076000000000000_TR120TR | ||